| 000 | 00406 a2200157 4500 | ||
|---|---|---|---|
| 003 | Nust | ||
| 005 | 20230309142332.0 | ||
| 040 | _cNust | ||
| 082 | _a297.631.MUH | ||
| 100 |
_aNawaz, Muhammad Hafiz _9110095 |
||
| 245 |
_aSahaba Karam (RA) Ki Wasiyatain aur Akhree Alfaz / _cHafiz Muhammad Nawaz |
||
| 260 |
_aLahore _bApna Idhara |
||
| 300 | _a192: p | ||
| 650 | _aIslam | ||
| 942 |
_2ddc _cBK _k297.631.MUH |
||
| 999 |
_c187890 _d187890 |
||